00545nam a2200193 a 4500001001300000003000900013005001700022008004100039020002300080082001900103100001700122245003900139260005100178300000800229500003500237505004600272650001600318700001700334nice12345678IN_TiNIC20260116015100.0050524s1999 dela grp 000 0 eng  a922614X c10000a305.40954bBHA aBhat, Preeti aReadings on Women Workers in India aDelhibInternational Labour Organizationc1999 a93p aincludes index and biblioraphy2 aNotes and References, Bibliography, Index aWomen-India1 aBhat, Preeti